[Event "Israel Championship 2021"]
[Site "Haifa"]
[Date "2021.03.11"]
[Round "5.11"]
[White "Kupervaser, Erez"]
[Black "Solomon, Asif"]
[Result "0-1"]
[WhiteElo "2371"]
[BlackElo "2356"]
[Annotator "TA"]
[PlyCount "160"]
[EventDate "2021.01.10"]
[EventType "swiss"]
[EventCountry "ISR"]
[SourceTitle "playchess.com"]
[Source "ChessBase"]
[SourceQuality "1"]

{[%evp 9,160,-27,-17,-9,-11,-18,-8,0,5,5,23,5,9,0,11,0,0,-19,0,11,61,69,63,0,65,10,11,21,18,7,22,42,28,0,16,-7,-7,0,0,0,0,-55,-4,-181,-173,-216,-203,-201,-190,-175,-16,-25,-8,-9,-8,-8,-9,-8,-8,-28,-20,-77,-24,-61,-50,-60,-8,-42,0,-54,0,-51,-45,-50,-46,-103,-119,-102,-65,-65,-65,-65,-65,-65,-65,-65,-65,-65,-65,-69,-68,-72,-72,-75,-75,-75,-75,-75,-65,-65,-65,-65,-65,-75,-75,-75,-75,-75,-75,-75,-75,-75,-75,-76,-76,-76,-76,-76,-76,-76,-76,-76,-76,-76,-76,-76,-76,-76,-76,-76,-76,-76,-76,-76,-76,-77,-77,-77,-77,-77,-77,-77,-77,-77,-77,-29986,-29987,-29989,-29989,-29989,-29990,-29991,-29992]} 1. e4 e5 2. Nc3 Nf6 3. f4 d5 4. fxe5 Nxe4 5. Qf3 Nc6 6. Bb5 {C29: Vienna Game: 2...Nf6 3 f4.} Nxc3 7. dxc3 {The main line 7.dxc3 scores better than 7.bxc3.} Qh4+ 8. g3 {The position is equal.} Qe4+ 9. Qxe4 dxe4 10. Bxc6+ bxc6 11. Be3 {[#]} a5 $146 ({Predecessor:} 11... Be7 12. Ne2 h5 13. Nd4 Bc5 14. Bg5 Bxd4 15. cxd4 Bg4 16. Kf2 f6 17. exf6 gxf6 {1-0 (55) Ibarra Jerez,J (2540)-Merario Alarcon,A (2394) Marbella 2019}) 12. a4 h5 13. h3 c5 14. Ne2 Be7 15. c4 Ra6 16. Nc3 (16. O-O-O $14) 16... Re6 (16... Rg6 $11) 17. Nd5 (17. Nb5 $14) 17... Bd8 $1 $11 18. O-O-O c6 19. Nc3 Rxe5 20. Rd6 O-O 21. Rxc6 (21. Rhd1 {is more complex.} Ree8 22. Rxc6 Bxh3 23. b3 Bg4 24. Rf1) 21... Bb7 {[%cal Rb7c6]} 22. Rxc5 (22. Rd6 {feels hotter.} Rf5 23. Rhd1 Bg5 24. Bxg5 Rxg5 25. Rb6) 22... Rxc5 23. Bxc5 Bg5+ 24. Kb1 Rc8 25. Bd4 (25. Bb6 $11) 25... Bd2 ({Black should try} 25... Rxc4 $15 26. Rd1 h4 27. gxh4 Bxh4) 26. Ne2 $2 (26. Rh2 $11 {and White has nothing to worry.} Be1 27. Re2 Rxc4 28. Bxg7) 26... Rxc4 $19 27. Rf1 e3 ({Much less strong is} 27... Rxa4 28. Bc3 $17) 28. Rf4 {Threatening Bxe3!} Ba6 ({Less strong is} 28... Rxa4 29. Bxe3 Rxf4 30. Bxf4 $15) 29. Re4 {[#]} Kh7 $2 ({Better is} 29... f6 $1 $19 30. Re7 Kf8) 30. Re5 Rxa4 (30... f6 {seems wilder.} 31. Re7 Rxa4 32. b3 Rb4 33. Bxe3 Bxe3 34. Rxe3 Bc8) 31. Bxe3 Bxe3 32. Rxe3 $11 {[%mdl 4096] Endgame KRB-KRN} h4 33. b3 Rb4 34. gxh4 Rxh4 35. Nc3 (35. Ng1 $11 {keeps the balance.}) 35... f6 (35... g5 $17) 36. Ne4 Bc8 37. Nf2 Rf4 (37... a4 $15) 38. Nd3 Rh4 39. Nf2 $1 Rf4 40. Nd3 Rf1+ 41. Kb2 g5 42. b4 (42. c4 $15) 42... axb4 $17 43. Nxb4 Rh1 44. Nd5 Kg7 45. Rf3 $1 Bb7 46. Rxf6 Bxd5 $15 {KRB-KR} 47. Rf5 Be4 48. Rxg5+ Kf6 49. Rc5 Rxh3 50. c3 Ke6 51. Rc4 Ke5 52. Rd4 Rh1 53. Kb3 Rc1 54. Kb4 Rb1+ 55. Kc5 Rb8 56. Kc4 Kf4 57. Kc5 Ke3 58. Kc4 Rb7 59. Rd8 Rc7+ 60. Kb4 Bd3 61. Rd4 Rb7+ 62. Kc5 Rb5+ 63. Kd6 Rb3 64. Rh4 Rxc3 65. Rh3+ Kd4 66. Rh1 Ra3 67. Rd1 Ra6+ 68. Ke7 Ke4 69. Re1+ Kd5 70. Rd1 Re6+ 71. Kd7 Re3 72. Rd2 Kc5 73. Rd1 Bb5+ 74. Kc7 Re7+ 75. Kd8 Rh7 76. Rc1+ Kb6 77. Rb1 $2 {[%mdl 8192] [#]} (77. Rd1 $17) 77... Rd7+ $1 {Black mates.} 78. Kc8 Rd5 79. Rb2 Rd1 80. Rb3 Re1 {[%cal Re1e8] Weighted Error Value: White=0.18/Black=0.15} 0-1

[Event "Israel Championship 2021"]
[Site "Haifa"]
[Date "2021.03.11"]
[Round "5.12"]
[White "Efroimski, Marsel"]
[Black "Aizenberg, Benny"]
[Result "1/2-1/2"]
[WhiteElo "2357"]
[BlackElo "2307"]
[Annotator "TA"]
[PlyCount "130"]
[EventDate "2021.01.10"]
[EventType "swiss"]
[EventCountry "ISR"]
[SourceTitle "playchess.com"]
[Source "ChessBase"]
[SourceQuality "1"]

{[%evp 10,130,47,24,24,27,26,-8,-4,-37,-25,-16,-13,-16,-12,-16,-18,-17,-20,-9,-16,-12,0,0,0,0,0,0,0,0,0,0,0,0,6,8,112,114,124,125,146,74,83,79,79,75,79,83,69,22,26,26,47,28,26,42,37,42,58,70,64,10,11,10,129,127,121,60,60,33,50,18,18,18,54,18,18,18,18,18,32,25,33,37,38,39,3081,3081,12832,12826,10827,4298,12832,12779,12447,12421,12370,12363,12363,12102,11003,10334,9541,8291,12363,10846,1677,2,2,2,2,2,2,2,2,2,2,2,2,2,2,2,2]} 1. e4 c5 2. Nf3 a6 3. c4 Nc6 4. d4 cxd4 5. Nxd4 e5 6. Nc2 Bc5 {B28: Sicilian: 2 Nf3 a6 (O'Kelly Variation).} 7. Nc3 d6 {[#]} 8. Nd5 $146 ({Predecessor:} 8. Be2 Nge7 9. O-O O-O 10. Be3 Be6 11. Qd2 Bxe3 12. Qxe3 Ng6 13. Rfd1 Qe7 14. Bf1 {1-0 (47) Jakovenko,D (2698)-Yu,Y (2738) Moscow 2019}) 8... Nf6 9. Qd3 Nxd5 (9... O-O {seems wilder.} 10. Be2 Nxd5 11. exd5 Ne7 12. Be3 Bf5) 10. cxd5 Nd4 11. Nxd4 Bxd4 12. Be3 Bxe3 13. Qxe3 f5 14. Bd3 O-O 15. f3 Qa5+ 16. Qd2 Qc5 17. Rc1 Qb6 18. Qf2 Qa5+ 19. Qd2 Qb6 20. Qf2 Qb4+ 21. Qd2 Qd4 22. exf5 Qh4+ (22... Bxf5 $11 {remains equal.} 23. Bxf5 Rxf5) 23. g3 $16 Qe7 24. g4 g6 {[%cal Rg6f5]} 25. fxg6 (25. Rg1 $142 $1) 25... Rxf3 {[#]} 26. Qh6 Bxg4 {[#]} ({Not} 26... Rxd3 $2 27. O-O $18) 27. h3 $1 {[%cal Rh3g4]} Bf5 {[#]} 28. Bxf5 Rxf5 29. gxh7+ Kh8 30. Rg1 Qxh7 31. Qxh7+ Kxh7 $11 {[%mdl 4096] Endgame KRR-KRR} 32. Rc7+ Kh6 33. Rxb7 Rc8 {...Rc1+ is the strong threat.} 34. Rbg7 Rc1+ 35. Kd2 (35. Ke2 $14) 35... Rxg1 36. Rxg1 {KR-KR} e4 (36... Rf2+ $11 37. Kc3 Rf3+ 38. Kb4 Rd3) 37. Ke3 $16 Rxd5 38. Kxe4 (38. Rg2 $16) 38... Rd2 $14 39. Rb1 {And now a4 would win.} (39. Rg3 {with more complications.} Rxb2 40. a3 Rb5 41. Rd3 Re5+ 42. Kf4) 39... Kg5 40. Ke3 Rh2 41. Kd4 Rxh3 42. b3 Kf6 43. Kd5 Ke7 44. Kc6 Rh2 45. a4 a5 46. Re1+ Kd8 $1 47. Re3 Rh4 $2 {[%mdl 8192]} (47... Rh5 $14) 48. Kxd6 $18 Rd4+ 49. Kc5 Rb4 50. Kc6 Rb8 51. Rh3 {Rh8+ would kill now.} Ke7 52. Rh7+ Ke6 53. Rb7 Rc8+ 54. Kb6 Ra8 {[#]} 55. Kc7 $1 Kd5 56. Rb5+ Kd4 57. Kb7 Rh8 58. Rxa5 $2 ({White should try} 58. Ka6 $18 Ra8+ 59. Kb6) 58... Rh7+ $1 $11 {The position is equal.} 59. Kc6 (59. Ka6 {is interesting.} Rh6+ 60. Kb5 Kc3 61. Ra7 Rh5+ 62. Kc6) 59... Rh6+ 60. Kb5 (60. Kc7 {seems wilder.} Rh7+ 61. Kd8 Rh8+ 62. Ke7 Rh7+ 63. Kf6) 60... Kc3 $1 61. Ra8 (61. b4 {keeps more tension.} Rh8 62. Kc5 Rc8+ 63. Kd6 Kxb4 64. Rh5) 61... Kxb3 62. a5 Rh5+ 63. Kb6 {aiming for Rc8.} Kb4 64. a6 Rh6+ 65. Kb7 Kb5 {Black defended with fortune.  Weighted Error Value: White=0.25/Black=0.11} 1/2-1/2

[Event "Israel Championship 2021"]
[Site "Haifa"]
[Date "2021.03.11"]
[Round "5.13"]
[White "Iliaguev, Nisim"]
[Black "Kochavi, Ori"]
[Result "1-0"]
[WhiteElo "2332"]
[BlackElo "2273"]
[Annotator "TA"]
[PlyCount "119"]
[EventDate "2021.01.10"]
[EventType "swiss"]
[EventCountry "ISR"]
[SourceTitle "playchess.com"]
[Source "ChessBase"]
[SourceQuality "1"]

{[%evp 17,119,-7,0,-7,8,-15,-10,-24,-28,-35,-19,-4,-23,-27,-29,-34,-38,-25,-28,-32,-7,-6,0,0,0,0,2,0,48,22,77,6,6,6,12,6,7,6,6,6,6,6,7,7,8,8,8,8,6,6,10,8,9,12,38,36,111,117,112,113,112,126,203,211,219,197,206,198,193,170,268,255,333,222,210,209,207,219,208,206,256,158,159,169,164,115,138,135,621,140,116,100,123,123,66,138,141,142,199,166,145,157,29998,29999]} 1. d4 d5 2. Nf3 Nf6 3. Bf4 e6 4. e3 Bd6 5. Bg3 O-O 6. Nbd2 b6 7. Ne5 Bb7 8. Bd3 c5 9. c3 Nc6 10. O-O {D02: 1 d4 d5 2 Nf3 sidelines, including 2...Nf6 3 g3 and 2...Nf6 3 Bf4.} Ne7 11. a4 (11. Qf3 {is interesting.} Qc7 12. Bf4 Nc6 13. Qg3 Nh5 14. Qh3) 11... Ne4 12. Bxe4 {The position is equal.} dxe4 13. dxc5 {[#]} Bxe5 $146 ({Predecessor:} 13... bxc5 14. Ndc4 Bxe5 15. Nxe5 Ba6 16. Re1 Qc8 17. b4 c4 18. b5 Bb7 19. Nxc4 Qxc4 20. Qd7 Nd5 21. Qxb7 f6 22. Red1 Rac8 23. Qxa7 e5 {½-½ (23) Sandipan,C (2594)-Vaibhav,S (2524) Bhubaneswar 2014}) 14. Bxe5 bxc5 {[%cal Bb6c5,Bc5c4][%mdl 32]} 15. Nb3 c4 16. Nd4 Ng6 17. Bg3 a6 18. Qh5 Bd5 19. Rfd1 Qb6 20. Rd2 Rfd8 21. h4 Qb7 22. Rad1 Qe7 23. Qg4 (23. b3 {with more complications.} Qf6 24. b4 h6 25. Qg4 Kh7 26. a5) 23... f5 {[#]} (23... Nf8 $11 {remains equal.}) 24. Qg5 ({Better is} 24. Qh3 $1 $16) 24... Qxg5 $11 25. hxg5 Rf8 26. Bd6 Rf7 27. a5 Rd8 28. Bg3 {aiming for Nxe6!} Rc8 29. Nc2 Rc5 30. Nb4 {[%cal Rb4d5]} Rd7 31. Ra1 Rb5 32. Nxa6 {And now Nc7 would win.} Ra7 33. Nb4 {a6 is the strong threat.} Rbxa5 34. Rad1 {[%cal Rb4d5]} Ne7 35. Bd6 Nc8 36. Nxd5 exd5 (36... Rxd5 $14 37. Rxd5 exd5) 37. Bb4 $16 ({Don't go for} 37. Rxd5 $2 Rxd5 38. Rxd5 Rd7 $19) 37... Ra1 38. Rxd5 {Strongly threatening Rxa1.} Rxd1+ 39. Rxd1 {[%mdl 4096] Endgame KRB-KRN} Rc7 (39... Nb6 $16) 40. Rd5 $18 g6 41. Ba5 Rc6 42. Rd8+ Kf7 43. Rd7+ Ke6 (43... Kg8 $142 44. Kh2 Nb6) 44. Rxh7 Ne7 45. Bb4 Nd5 46. Ba3 f4 47. exf4 Nxf4 48. Kh2 Kf5 49. Rf7+ Kg4 50. Rf6 Rc8 51. Bd6 Rh8+ 52. Kg1 Ne2+ 53. Kf1 Nc1 {[%cal Rh8h1]} 54. f3+ Kxg5 {[#]} 55. Rf7 {Black must now prevent Bf4+.} Rh1+ 56. Kf2 {White threatens Bf4+ and mate.} Nd3+ 57. Ke3 Re1+ (57... exf3 $16 {keeps fighting.} 58. gxf3 Re1+ 59. Kd4 Rd1) 58. Kd4 exf3 59. gxf3 ({Reject} 59. Rxf3 $6 Nxb2 60. Kc5 Re2 $11) 59... Nxb2 (59... Rd1 $16) 60. Bf4+ {Weighted Error Value: White=0.12/Black=0.28} 1-0

[Event "Israel Championship 2021"]
[Site "Haifa"]
[Date "2021.03.11"]
[Round "5.14"]
[White "Shohat, Yotam"]
[Black "Parnes, Nadav"]
[Result "1/2-1/2"]
[WhiteElo "2371"]
[BlackElo "2273"]
[Annotator "TA"]
[PlyCount "74"]
[EventDate "2021.01.10"]
[EventType "swiss"]
[EventCountry "ISR"]
[SourceTitle "playchess.com"]
[Source "ChessBase"]
[SourceQuality "1"]

{[%evp 11,74,5,20,-43,-39,-50,-45,-50,-54,-36,-60,-41,0,0,0,-7,11,27,20,22,13,28,46,29,41,13,83,83,106,104,172,102,98,97,88,110,97,104,91,36,26,31,62,62,64,18,62,61,65,57,64,52,66,0,0,0,0,0,0,0,0,0,0,0,0]} 1. e4 d6 2. d4 Nf6 3. Nc3 g6 4. f4 Bg7 5. Nf3 c5 6. d5 O-O 7. Bd2 {A43: Schmid Benoni.} (7. Bd3 $11) 7... e6 $15 8. dxe6 Bxe6 {[#]} 9. Be2 $146 {Black is slightly better.} ({Predecessor:} 9. Bd3 c4 10. Be2 Qb6 11. Qc1 Ng4 12. Nd1 h6 13. h3 Nf6 14. Be3 Qc6 15. f5 {0-1 (42) Klein,J (1948)-Dexter,D (1951) Bad Bevensen 1994}) 9... Nc6 10. O-O Nd4 11. Kh1 Re8 12. f5 $1 {[%cal Rf5e6]} gxf5 13. exf5 Bd7 14. Bd3 Nxf3 15. Qxf3 Bc6 16. Qg3 Kh8 17. Bg5 d5 18. Rad1 b5 (18... Rc8 $11) 19. Qh4 c4 {[#]} 20. Be4 {[%mdl 512] And now Bxd5! would win.} Re5 {[#]} (20... Qd6 $16 {is a better defense.}) 21. Bxd5 $1 {[%mdl 512]} Bxd5 $16 22. Nxd5 Rxd5 23. Rxd5 Qxd5 24. Bxf6 Rg8 25. Bxg7+ (25. h3 $16) 25... Rxg7 {[%csl Gg7][%cal Rd5g2][%mdl 4096] Endgame KQR-KQR} 26. Qf2 f6 27. c3 Re7 28. Kg1 Qd3 29. Qc5 Qe4 30. h3 h5 31. Rf3 Rg7 32. Qf8+ ({White should try} 32. Qe3 $14 Qxe3+ 33. Rxe3) 32... Kh7 $11 {The position is equal.} 33. Qxf6 {Threatens to win with Kh2.} Qe2 $1 {[%csl Gg7][%cal Re2g2][%mdl 64] Double Attack} 34. Rf2 Qe1+ 35. Rf1 Qe4 {[%csl Gg7][%cal Re4g2]} 36. Rf2 {aiming for Kh2.} Qe1+ $1 37. Rf1 Qe4 {[%csl Gg7][%cal Re4g2] Weighted Error Value: White=0.16/Black=0.14} 1/2-1/2

[Event "Israel Championship 2021"]
[Site "Haifa"]
[Date "2021.03.11"]
[Round "5.15"]
[White "Lahav, Michal"]
[Black "Katz, Kiril"]
[Result "1-0"]
[WhiteElo "2216"]
[BlackElo "1957"]
[Annotator "TA"]
[PlyCount "53"]
[EventDate "2021.01.10"]
[EventType "swiss"]
[EventCountry "ISR"]
[SourceTitle "playchess.com"]
[Source "ChessBase"]
[SourceQuality "1"]

{[%evp 9,53,-26,-36,-68,5,2,1,8,27,-18,0,0,16,29,28,31,116,156,190,155,270,280,234,258,366,368,379,386,375,367,351,354,316,274,307,278,264,271,276,268,277,281,261,253,547,110]} 1. e4 c5 2. b3 g6 3. Bb2 Nf6 4. h4 Bg7 5. e5 Nd5 6. Qf3 {B20: Sicilian: Unusual White 2nd moves.} e6 {[#]} (6... Nb4 $1 $15 7. e6 f6 8. exd7+ Qxd7) 7. Na3 $146 {[%cal Bb1a3,Ba3c4,Bc4e5][%mdl 32]} ({Predecessor:} 7. h5 Nc6 8. Qg3 d6 9. Bb5 Bd7 10. Bxc6 Bxc6 11. Nf3 Nb4 12. h6 Bf8 13. Na3 {1-0 (48) Wirig,A (2511)-Philippe,G (2309) Paris 2015}) 7... Nc6 8. Qg3 {The position is equal.} Nde7 (8... d6 $5) 9. Nf3 Nf5 10. Qf4 h5 11. O-O-O a6 12. Nc4 O-O (12... d5 $14 13. exd6 Bxb2+ 14. Kxb2 b5) 13. g4 $16 Bh6 14. Qe4 d5 (14... b5 $16 {was necessary.}) 15. exd6 $1 $18 hxg4 16. Qxg4 Nxd6 (16... b5 {is a better defense.}) 17. Nce5 {Black must now prevent Nxg6!} Bg7 18. h5 Nxe5 19. Nxe5 g5 20. h6 Bxe5 21. Bxe5 {[%cal Rh6h7]} f6 {[#]} 22. Qh5 $1 {Threatening mate with Qg6+.} Nf5 (22... Kh7 23. d4) 23. Qg6+ Kh8 {[#]} 24. Bd3 $1 {White wants to mate with Bxf5.} fxe5 25. Bxf5 {[%csl Gf5][%cal Rg6h7]} Qe7 26. Be4 Bd7 $2 (26... Rg8 27. Qh5 Rb8) 27. Qg7+ {[%mdl 64] Decoy. Black did not feel at home in the position after the opening.  Weighted Error Value: White=0.06/Black=0.39} 1-0

[Event "Israel Championship 2021"]
[Site "Haifa"]
[Date "2021.03.11"]
[Round "5.16"]
[White "Stolyarsky, Yegor"]
[Black "Ben Artzi, Ido"]
[Result "0-1"]
[WhiteElo "2063"]
[BlackElo "2368"]
[Annotator "TA"]
[PlyCount "72"]
[EventDate "2021.01.10"]
[EventType "swiss"]
[EventCountry "ISR"]
[SourceTitle "playchess.com"]
[Source "ChessBase"]
[SourceQuality "1"]

{[%evp 18,72,15,18,17,18,21,-2,0,-14,0,0,0,-12,24,14,25,16,23,0,0,-17,0,6,0,-15,-10,-35,26,-86,-81,-88,-82,-441,-472,-706,-700,-805,-802,-794,-805,-659,-645,-1815,-1814,-1564,-1511,-5155,-5518,-5090,-5086,-29969,-6315,-5285,-2144,-29991,-1179]} 1. d4 Nf6 2. Nf3 g6 3. c4 Bg7 4. g3 O-O 5. Bg2 d6 6. Nc3 Nbd7 7. e4 e5 8. d5 Nc5 9. Qc2 a5 10. O-O c6 {E67: King's Indian: Fianchetto: 6...Nbd7.} 11. Be3 cxd5 12. cxd5 b6 {The position is equal.} 13. a4 {[#]} Ba6 $146 ({Predecessor:} 13... Bh6 14. Rfe1 Bxe3 15. Rxe3 Ba6 16. h3 Rc8 17. Nd2 Qd7 18. Kh2 Rc7 19. Bf1 Bxf1 20. Rxf1 {½-½ (44) Gil Criado,J-Hernandez Molina,D Cuba 1996}) 14. Rfd1 Rc8 {next ...Ncxe4! is good for Black.} 15. Bh3 Rc7 {Threatening ...Ncxe4!} (15... Ncxe4 $5 16. Bxc8 Qxc8 $11) 16. Qb1 Nfd7 17. Bf1 Bxf1 18. Kxf1 f5 19. Nb5 Nxe4 {White must now prevent ...Rc4.} 20. Nxc7 Qxc7 21. Qd3 Ndc5 22. Qb5 f4 (22... Qc8 $15 23. Qc6 (23. Qxb6 f4 $17) 23... Qd8) 23. gxf4 (23. Bxc5 $11 {was the only way to keep the balance.} Qxc5 24. Qxc5 bxc5 25. Re1 fxg3 26. Rxe4 Rxf3 27. hxg3) 23... Qc8 $17 ({Reject} 23... exf4 $6 24. Bxc5 Nxc5 25. h3 $11) 24. Ng1 exf4 25. Bd4 {[%mdl 8192] [#] Loses the game.} (25. Bxc5 $17 bxc5 26. f3) 25... f3 $1 $19 26. h3 (26. Ra3 $142 Qg4 27. Rxf3 Rxf3 28. Nxf3 Qxf3 29. Qe8+ Bf8 30. Ke1) 26... Qf5 {aiming for ...Bxd4.} 27. Bxg7 Kxg7 28. Ra3 {[#]} Nd2+ $1 {[%mdl 512]} 29. Ke1 {[#]} Qg5 $1 30. h4 (30. Rxd2 Re8+) 30... Qxg1+ 31. Kxd2 Ne4+ 32. Ke3 Qxd1 33. Kxe4 Qe2+ 34. Re3 Qxf2 35. Qd7+ Rf7 (35... Kh6 $142 36. Qxd6 Qc2+ 37. Kd4 Qd2+ 38. Kc4 Rc8+ 39. Kb5 Qxe3) 36. Qh3 Re7+ {Weighted Error Value: White=1.23/Black=0.24} (36... Qc2+ $142 37. Rd3 Re7+ 38. Kf4 Qxd3 39. Kg4 Re4+ {[%mdl 64] Double Attack} 40. Kg3 f2+ 41. Kh2 Qxh3+ 42. Kxh3 f1=Q+ 43. Kh2 Qf2+ {[%mdl 64] Double Attack} 44. Kh3 Rxh4#) 0-1

[Event "Israel Championship 2021"]
[Site "Haifa"]
[Date "2021.03.12"]
[Round "6.1"]
[White "Nabaty, Tamir"]
[Black "Boruchovsky, Avital"]
[Result "1/2-1/2"]
[WhiteElo "2638"]
[BlackElo "2541"]
[Annotator "TA"]
[PlyCount "106"]
[EventDate "2021.01.10"]
[EventType "swiss"]
[EventCountry "ISR"]
[SourceTitle "playchess.com"]
[Source "ChessBase"]
[SourceQuality "1"]

{[%evp 12,106,0,0,9,3,15,0,0,0,0,0,0,0,0,0,0,0,0,-8,-8,-108,-82,-87,-84,-82,-81,-101,-99,-91,-10,-13,-13,-12,-9,-65,-59,-66,-65,-63,-61,-65,-56,-131,0,0,69,68,155,155,139,141,169,177,212,208,215,207,214,214,201,191,191,190,193,187,188,189,263,263,258,240,210,8,8,8,8,8,8,8,8,8,8,8,8,8,8,8,8,8,8,8,8,8,8,8,8]} 1. d4 Nf6 2. c4 e6 3. Nc3 Bb4 4. Qc2 d5 5. a3 Bxc3+ 6. Qxc3 O-O 7. Bg5 c5 {E36: Nimzo-Indian: Classical: 4...d5 5 a3.} 8. dxc5 d4 9. Qc2 {9.Qf3 gains popularity.} e5 10. e3 h6 11. Bh4 dxe3 12. fxe3 {[#]} Nc6 $146 {[%cal Bb8c6,Bc6a5,Ba5b3][%mdl 32]} ({Predecessor:} 12... Nbd7 13. b4 a5 14. Rb1 axb4 15. axb4 Ra3 16. Qc1 Ra2 17. Ne2 Nxc5 18. Nc3 Nd3+ 19. Bxd3 Qxd3 20. Nxa2 {1-0 (29) Mchedlishvili,M (2629)-Jumabayev,R (2562) Tashkent 2011}) 13. Ne2 Qa5+ $1 14. Qc3 Ne4 ({Of course not} 14... Qxc5 $6 15. Bxf6 gxf6 16. b4 $16) 15. Qxa5 Nxa5 16. b4 (16. Ng3 $11 {remains equal.} Nb3 17. Rd1 Nxg3 18. Bxg3) 16... Nb3 17. Rd1 a5 $1 {Threatens to win with ...g5.} 18. Rd3 axb4 19. Rxb3 bxa3 20. Rb1 g5 ({Better is} 20... Be6 $17 21. Nc1 f6) 21. Bg3 $11 f6 22. Nc1 Rd8 {Hoping for ...Nc3.} 23. Bd3 (23. Be2 $11) 23... Bf5 $15 24. Bxe4 Bxe4 25. Ra1 Bxg2 26. Rg1 Bf3 {[%mdl 1024] Black has compensation.} 27. Ra2 (27. Kf2 $15 Bh5 28. Rf1) 27... g4 (27... Bh5 $17 28. Kf2 Bf7) 28. Kf2 $11 Ra4 (28... Bd1 $11) 29. Nb3 $1 $14 h5 ({Black should try} 29... Bc6 $14) 30. Nd2 $1 $16 {[%cal Rd2f3]} Bc6 31. Ke2 Kf7 32. Rf1 Re8 33. Bh4 Re6 34. e4 Bd7 35. Rb1 Bc8 36. Kd3 Rc6 37. Rb3 Rxc5 38. Raxa3 Rxa3 39. Rxa3 b5 (39... Kg6 {is a better defense.} 40. Ra8 Rc7) 40. cxb5 $1 $18 Rxb5 {[#]} 41. Nc4 $1 {[%cal Rc4d6] And now Nd6+ would win.} Ke6 {[#]} 42. Ra8 $2 ({White has to play} 42. Kc3 $1 $18) 42... Rb3+ $1 $11 {The position is equal.} 43. Kd2 Rh3 $1 44. Bg3 Bb7 45. Re8+ Kd7 46. Rh8 {Black must now prevent Rh7+.} Bxe4 47. Ne3 Ke6 48. Nd1 {aiming for Nf2.} h4 49. Rxh4 Rxh4 50. Bxh4 f5 51. Nf2 Bf3 52. Bd8 f4 53. Nd3 g3 {Blacks defense is rewarded with a draw.  Weighted Error Value: White=0.16/Black=0.14} 1/2-1/2

[Event "Israel Championship 2021"]
[Site "Haifa"]
[Date "2021.03.12"]
[Round "6.2"]
[White "Birnboim, Nathan"]
[Black "Mikhalevski, Victor"]
[Result "0-1"]
[WhiteElo "2381"]
[BlackElo "2552"]
[Annotator "TA"]
[PlyCount "148"]
[EventDate "2021.01.10"]
[EventType "swiss"]
[EventCountry "ISR"]
[SourceTitle "playchess.com"]
[Source "ChessBase"]
[SourceQuality "1"]

{[%evp 23,148,0,0,14,0,3,12,-32,-18,-52,0,-8,-11,-10,0,0,0,-9,24,0,0,-23,0,0,0,0,0,0,9,-6,-6,-6,-6,-6,-2,-15,-12,-14,-14,-14,-20,-14,-14,-75,-76,-79,-59,-73,-65,-81,-53,-94,-14,-89,-17,-54,-54,-54,-12,-83,0,0,0,0,0,-8,-8,-8,-8,-8,-8,-8,-8,-8,-8,-3,-8,-68,-67,-205,-205,-185,-175,-258,-266,-1030,-907,-1380,-1662,-592,-1394,-1952,-1854,-2768,-2557,-29957,-2670,-1678,-335,-29961,-29963,-29963,-29962,-29971,-29972,-29972,-29973,-29973,-29973,-29972,-29955,-5632,0,-29965,-29967,-29958,-29968,-29966,-29965,-29967,-29970,-29974,-29969,-29981,-29982,-29986,-29986]} 1. d4 Nf6 2. c4 c5 3. d5 e6 4. Nc3 exd5 5. cxd5 d6 6. Nf3 g6 7. g3 Bg7 8. Bg2 O-O 9. O-O Re8 10. Nd2 a6 11. a4 Nbd7 12. h3 Rb8 13. a5 {A64: Modern Benoni: Fianchetto Variation: 9...Nbd7 10 Nd2 a6 11 a4 Re8.} b5 14. axb6 $1 Nxb6 15. Nb3 {The position is equal.} Nc4 16. Ra4 {[#]} Qb6 $1 17. Rxc4 {And now Nd2 would win.} Qxb3 18. Ra4 {[#]} h6 $146 ({Predecessor:} 18... Qb6 19. Qd3 Ra8 20. Ra3 Bd7 21. Qc2 Rab8 22. Kh2 Re7 23. e4 Bb5 24. Re1 Nd7 {½-½ (42) Jedlicka,A (2207)-Mica,M (2315) Prague 2020}) 19. Ra3 Qxd1 20. Rxd1 Nd7 21. e3 Rb4 22. Bf1 h5 23. Bxa6 Bxa6 24. Rxa6 Nb6 25. Rd2 f5 26. h4 Ra8 27. Rxa8+ Nxa8 28. Ne2 Be5 29. Rc2 Nb6 30. Nf4 Bxf4 31. gxf4 $11 {[%mdl 4096] Endgame KRB-KRN} Kf7 32. Bd2 Rb3 33. f3 (33. Kf1 $11 {remains equal.}) 33... Nxd5 $17 34. Kf2 Ke7 35. Bc3 Ke6 36. Bd2 Kd7 37. Ke2 Kc6 (37... Nb4 $17 38. Bxb4 Rxb4) 38. Kf2 (38. Bc3 $11) 38... Nb6 (38... Nb4 $17 39. Bxb4 Rxb4) 39. Ba5 Na4 40. Bc3 d5 41. Ke2 (41. Be5 $11) 41... c4 (41... Nxc3+ $17 42. bxc3 Rb1) 42. Bd4 $11 Nc5 43. Rc1 Ne6 44. Bc3 d4 45. exd4 Nxf4+ 46. Kd2 Ng2 47. Rg1 Nxh4 48. Ke3 Rb8 49. Kf4 Re8 50. d5+ ({White should play} 50. Rh1 $11 Ng2+ 51. Kg5) 50... Kxd5 $15 51. Bf6 {[#] White is on the road to losing.} ({Better is} 51. Ra1 $15) 51... Re1 $3 $19 {[%cal Re1g1][%mdl 512]} 52. Rg3 Rh1 53. Ke3 {[#]} (53. Bc3 {keeps fighting.}) 53... Rh2 $1 54. Bxh4 (54. Rg1) 54... Rxh4 55. Rxg6 {KR-KR} f4+ 56. Kd2 Rh3 57. Rh6 h4 58. Rh8 Rxf3 59. Rxh4 Kd4 (59... Ke4 $142 60. Rh7 Rb3 61. Re7+ Kf3 62. Rh7 Kf2 63. Kc2 Re3 64. Rg7 Re2+ 65. Kc3 Re4 66. Rh7 f3 67. Kd2 Rd4+ 68. Kc3 Ke3 69. Rh1 Rf4 70. Rc1 f2 71. Rb1 Ke2 72. Rh1 f1=Q 73. Rxf1 Kxf1 74. Kb4 Ke2 75. Kc5 Kd3 76. Kc6 Rf2 77. Kd7 Rxb2 78. Ke7 c3 79. Kd6 c2 80. Ke5 c1=Q 81. Kd6 Rb6+ 82. Kd7 Rh6 83. Ke8 Qc7 84. Kf8 Rh8#) 60. Ke2 Re3+ $2 (60... Ke4 61. Rh8 Re3+ 62. Kf2 Rb3 63. Re8+ Kd3) 61. Kd2 $2 (61. Kf1 $19 Ke4 62. Rh2) 61... Ke4 62. Rh8 Kf3 63. Rc8 Re4 64. Rh8 Kg2 65. Rg8+ Kf2 66. Rg4 Kf3 67. Rg8 Re3 (67... Rd4+ $19 68. Ke1 Re4+ 69. Kf1 Re7) 68. Rc8 $1 Re2+ {Black mates.} 69. Kc3 Re4 70. Kd2 Kf2 71. Rg8 f3 72. Rg7 Kf1 73. Rg6 f2 74. Kc3 Ke1 {Weighted Error Value: White=0.71/Black=0.36} 0-1